000 00276nam a22001097a 4500
041 _aeng
080 _a80
100 _aЛебединская, Б. Я.
245 _aФонетический практикум по англ. языку.
650 _aPhonetics
999 _c279818
_d279818
942 _cBK